Voda pre ozdravenie klímy - Nová vodná paradigma /

Na minha lista:
Detalhes bibliográficos
Main Authors: Kravčík, Michal (Author), Pokorný, Jan (Author), Kohutiar, Juraj (Author), Kováč, Martin (Author), Tóth, Eugen (Author)
Formato: Livro
Idioma:eslovaco
Publicado em: Žilina : Municipalia, 2007
Edição:1. vydanie
Assuntos:
Tags: Adicionar Tag
Sem tags, seja o primeiro a adicionar uma tag!

MARC

LEADER 00000nam a22000003a 4500
001 0065091
003 SK-STU
005 20190327115723.5
007 ta
008 180517s ----xo-----e------000-0-----d
020 |a 978-80-969766-5-2 
040 |a STU  |b slo 
041 0 |a slo 
044 |a xo 
100 1 |a Kravčík, Michal  |4 aut 
245 1 0 |a Voda pre ozdravenie klímy - Nová vodná paradigma /  |c aut. Michal Kravčík, Jan Pokorný, Juraj Kohutiar, Martin Kováč, Eugen Tóth 
250 |a 1. vydanie 
260 |a Žilina :  |b Municipalia,  |c 2007 
300 |a 91 s. 
650 0 7 |a nakladanie s vodami 
650 0 7 |a podzemná voda 
650 0 7 |a povrchová voda 
650 0 7 |a vodné hospodárstvo 
650 0 7 |a nové využitie 
650 0 7 |a využitie krajiny 
700 1 |a Pokorný, Jan  |4 aut 
700 1 |a Kohutiar, Juraj  |4 aut 
700 1 |a Kováč, Martin  |4 aut 
700 1 |a Tóth, Eugen  |4 aut 
996 |b 284AU07444  |c A* 10693/U  |l AAKNAR  |s A  |a 24  |w 0065091_0001